| 000 | 00506nam a22001697a 4500 | ||
|---|---|---|---|
| 008 | 131111b xxu||||| |||| 00| 0 gerd | ||
| 020 | _a385422834 | ||
| 041 | 0 | _ager | |
| 080 | _a330.322 | ||
| 245 | 0 | 0 |
_aInterne Revision : Investitionsprüfung / _cArbeitsgemeinschaft Interne Revision |
| 260 |
_aWien : _bService Fachverlag ; _c1994. |
||
| 300 |
_a191 f. : _bme il. ; _c24 cm. |
||
| 490 |
_aArbeitsgemeinschaft Interne Revision _l11 |
||
| 500 | _aVorwort : f. 1-2 | ||
| 650 | 0 | _aInvestimet | |
| 942 |
_2udc _cBK |
||
| 999 |
_c252 _d252 |
||